000 00298nam a22001337a 4500
008 171226b xxu||||| |||| 00| 0 eng d
020 _a9781626670136
041 _aeng
080 _22ND
_a32
100 _a19
101 _aPOL
245 _aA MORE PERFECT UNION
_cLITHERLAND,J.T
942 _2udc
_cBK
999 _c39394
_d39394